| 000 | 00848cab a2200253 4500 | ||
|---|---|---|---|
| 001 | WB2742-02 | ||
| 008 | 090401t1991 xxu||||| |||| 00| 0 eng d | ||
| 035 | _a(Sirsi) u27384 | ||
| 041 | _aeng | ||
| 245 | _aBEC says no recovery until 1993 | ||
| 260 | _c1991 | ||
| 350 | _a0 | ||
| 490 |
_aBuilding _v256 (7719) 1 November 1991, 7 |
||
| 490 |
_aTimes _v1 November 1991, 28(2) |
||
| 520 | _aBuilding Employers Confederation`s latest "State of Trade Enquiry" covering the third quarter 1991, predicts a further fall in profit margins with tender prices unlikely to pick up for at least another 12 months. | ||
| 650 | _aBEC | ||
| 650 | _aBUILT ENVIRONMENT-BUILDING COSTS | ||
| 650 | _aFEDERATION OF MASTER BUILDERS | ||
| 650 | _aFORECAST | ||
| 650 | _aTENDER PRICES | ||
| 690 | _aBUILT ENVIRONMENT | ||
| 942 | _n0 | ||
| 948 | _c04/03/1997 | ||
| 999 |
_c18428 _d18428 |
||